• 首页
  • 本馆介绍
  • 公告通知
  • 最新文献
  • 馆藏检索
  • 电子资源
  • 读者导购
  • 参考咨询
  • 我的图书馆
  • 登录
  • 详细信息显示
  • 放入我的书架
  • 预约/预借图书
  • 作者相关作品
  • 分类相关作品
  • 丛书相关作品
  • 出版社相关作品

书目信息

  • 表格格式
  • 工作单格式
  • 卡片格式
题名:
疾驰的草原征服者
    
 
作者: 杉山正明 著 ;乌兰 , 乌日娜 译
分册:  
出版信息: 桂林   广西师范大学出版社  2014
页数: 17,365页
开本: 19cm
丛书名:
单 册:
中图分类: K240.7
科图分类:
主题词: 中国历史--研究--辽宋金元时代 , 中国历史
电子资源:
ISBN: 978-7-5495-3368-8
000 01158nam0 2200301 450
001 012001002505
005 20140926114740.0
010    @a978-7-5495-3368-8@b精装@dCNY45.00
090    @aK240.7@bssz
100    @a20140429d2014 em y0chiy50 ea
101 1  @achi@cjpn
102    @aCN@b450000
105    @aa z 000yy
106    @ar
200 1  @a疾驰的草原征服者@9ji chi de cao yuan zheng fu zhe@e辽 西夏 金 元@f(日)杉山正明著@g乌兰,乌日娜译
210    @a桂林@c广西师范大学出版社@d2014
215    @a17,365页@c图@d19cm
300    @a讲谈社·中国的历史 08 理想国
305    @a日本讲坛社授权出版
330    @a本书讲述的是由中国古代少数民族建立的政权辽、金、西夏、元朝的历史。全书共6章,内容包括:巨大变革的前奏、走向契丹帝国之路、走向南北共存的时代、亚洲东方的多国体系、在欧亚大陆超地域帝国蒙古的统治下等。
606 0  @a中国历史@x研究@z辽宋金元时代
606 0  @a中国历史
690    @aK240.7@v5
701  0 @c(日)@a杉山正明@9shan shan zheng ming@f(1952~)@4著
702  0 @c(蒙族)@a乌兰@9wu lan@c(女,@f1954~)@4译
702  0 @c(蒙族)@a乌日娜@9wu ri na@c(女,@f1953~)@4译
801  0 @aCN@b上海新华@c20180901
905    @b1160961-5@dK240.7@e48@f5
    
    疾驰的草原征服者:辽 西夏 金 元/(日)杉山正明著/乌兰,乌日娜译.-桂林:广西师范大学出版社,2014
    17,365页:图;19cm
    讲谈社·中国的历史 08 理想国
    
    ISBN 978-7-5495-3368-8(精装):CNY45.00
    本书讲述的是由中国古代少数民族建立的政权辽、金、西夏、元朝的历史。全书共6章,内容包括:巨大变革的前奏、走向契丹帝国之路、走向南北共存的时代、亚洲东方的多国体系、在欧亚大陆超地域帝国蒙古的统治下等。
●
相关链接 在E读中查询图书 在五车中查询图书 在当当中查询图书 在豆瓣中查询图书


正题名:疾驰的草原征服者     索取号:K240.7/48         预约/预借

序号 登录号 条形码 馆藏地/架位号 状态 备注
1 1160961   211609614   第二样本阅览室/ [索取号:K240.7/48] 在馆    
2 1160962   211609623   密集书库-史法系/ [索取号:K240.7/48] 在馆    
3 1160963   211609632   第二借阅区/ [索取号:K240.7/48] 在馆    
4 1160964   211609641   第二借阅区/ [索取号:K240.7/48] 在馆    
5 1160965   211609650   第二借阅区/ [索取号:K240.7/48] 在馆    
唐山师范学院图书馆 欢迎您!
大连网信软件有限公司© 版权所有